000 00472nam a22001097a 4500
008 160606b xxu||||| |||| 00| 0 eng d
100 _aErler, Martin
245 _aCatalogue of the adhesive revenue stamps of Austria II. State issues Part II
_bKatalog der Fiskalmarken von Osterreich II. Staatliche Ausgaben Teil II
260 _aIcking, Germany
_bORA Verlag
_c1979
650 _aAustria | Revenues | Catalogs and Price Lists | Cinderella Material
700 _aTkalcsics, Rudolf
999 _c2046
_d2046